Statystyki dla Największe aglomeracje w Turcji

Kliknij tutaj aby rozwiązać quiz!

Ogólne statystyki

  • Ten quiz został rozwiązany 64 razy
  • Średni wynik to 7 z 20

Statystyki odpowiedzi

MiejsceMieszkańcyNazwa% Poprawnych
1.15 519 267Aglomeracja Stambulska
100%
2.5 639 076Aglomeracja Ankarska
95%
3.4 367 251Aglomeracja İzmirska
79%
5.2 511 700Aglomeracja Antalya
64%
4.3 056 120Aglomeracja Bursa
64%
9.2 069 364Aglomeracja Gaziantep
52%
7.2 232 374Aglomeracja Konya
51%
6.2 237 940Aglomeracja Adana
38%
11.1 840 425Aglomeracja Mersin
33%
15.1 407 409Aglomeracja Kayseri
30%
16.1 348 542Aglomeracja Samsun
26%
12.1 756 323Aglomeracja Diyarbakır
15%
19.1 136 757Aglomeracja Van
15%
13.1 628 894Aglomeracja Hatay
7%
20.1 110 972Aglomeracja Aydın
5%
18.1 154 102Aglomeracja Kahramanmaraş
5%
14.1 440 611Aglomeracja Manisa
5%
8.2 073 614Aglomeracja Şanlıurfa
5%
17.1 228 620Aglomeracja Balıkesir
2%
10.1 953 035Aglomeracja Kocaeli
2%

Rozkład punktacji

Percentyl według liczby udzielonych odpowiedzi

Procent ludzi z każdym wynikiem

Twoja historia wyników

Nie rozwiązałeś tego quizu